000 00601cam a22002053a 4500
001 39891
003 PGUSA
005 20140828083905.0
008 120601s2012||||xxu|||||s|||||000 | eng d
040 _aPGUSA
_beng
042 _adc
100 1 _aPemberton, Max,
_cSir,
_d1863-1950
245 1 0 _aJewel Mysteries :
_bFrom a Dealer's Note Book
_h[electronic resource] /
_cMax, Pemberton
260 _bProject Gutenberg,
_c2012
506 _aPublic domain in the USA.
516 _aElectronic text
830 0 _aProject Gutenberg
_v39891
856 4 0 _uhttp://www.gutenberg.org/ebooks/39891
942 _cEB
999 _c269144
_d269144